• 首页
  • 本馆介绍
  • 公告通知
  • 最新文献
  • 馆藏检索
  • 电子资源
  • 读者导购
  • 参考咨询
  • 我的图书馆
  • 登录
  • 详细信息显示
  • 放入我的书架
  • 预约/预借图书
  • 作者相关作品
  • 分类相关作品
  • 丛书相关作品
  • 出版社相关作品

书目信息

  • 表格格式
  • 工作单格式
  • 卡片格式
题名:
投资者法律保护、政治关联与经济后果研究
    
 
作者: 许年行 著
分册:  
出版信息: 北京   中国经济出版社  2014.5
页数: 231页
开本: 24cm
丛书名:
单 册:
中图分类: D922.287.4
科图分类:
主题词: 证券法--研究--中国 , 上市公司--投资--研究--中国
电子资源:
ISBN: 978-7-5136-3170-9
000 01168nam0 2200253 450
001 351773
005 20161017102933.97
010    @a978-7-5136-3170-9@dCNY48.00
100    @a20140620d2014 em y0chiy50 ea
101 0  @achi
102    @aCN@b110000
105    @ak z 000yy
106    @ar
200 1  @a投资者法律保护、政治关联与经济后果研究@dLegal investor protection, political connections and economic consequences@f许年行著@zeng
210    @a北京@c中国经济出版社@d2014.5
215    @a231页@d24cm
330    @a本书结合我国制度背景,从“财务学与法律”即“法与金融”和“财务学与政治学”即“政治关联与公司财务”这两大研究主题入手,对如下五大内容进行深入总结、分析与实证检验:投资者法律保护的中国实际与国际比较、上市公司政治关联的现状与特征、投资者法律保护与控制权私利关系、政治关联与投资—现金流敏感度的关系、政治关联与投资者法律保护执法效率之间的关系。
510 1  @aLegal investor protection, political connections and economic consequences@zeng
606 0  @a证券法@x研究@y中国
606 0  @a上市公司@x投资@x研究@y中国
690    @aD922.287.4@v5
701  0 @a许年行@f(1978~)@4著
801  0 @aCN@bTANGWEI@c20161009
905    @b0896445-9@dD922.287.4@e1437@f5
    
    投资者法律保护、政治关联与经济后果研究=Legal investor protection, political connections and economic consequences/许年行著.-北京:中国经济出版社,2014.5
    231页;24cm
    
    
    ISBN 978-7-5136-3170-9:CNY48.00
    本书结合我国制度背景,从“财务学与法律”即“法与金融”和“财务学与政治学”即“政治关联与公司财务”这两大研究主题入手,对如下五大内容进行深入总结、分析与实证检验:投资者法律保护的中国实际与国际比较、上市公司政治关联的现状与特征、投资者法律保护与控制权私利关系、政治关联与投资—现金流敏感度的关系、政治关联与投资者法律保护执法效率之间的关系。
●
相关链接 在E读中查询图书 在五车中查询图书 在当当中查询图书 在豆瓣中查询图书


正题名:投资者法律保护、政治关联与经济后果研究     索取号:D922.287.4/1437         预约/预借

序号 登录号 条形码 馆藏地/架位号 状态 备注
1 0896445   208964450   第一样本阅览室/ [索取号:D922.287.4/1437] 在馆    
2 0896446   208964469   第一借阅区/ [索取号:D922.287.4/1437] 在馆    
3 0896447   208964478   第一借阅区/ [索取号:D922.287.4/1437] 在馆    
4 0896448   208964487   第一借阅区/ [索取号:D922.287.4/1437] 在馆    
5 0896449   208964496   第一借阅区/ [索取号:D922.287.4/1437] 在馆    
唐山师范学院图书馆 欢迎您!
大连网信软件有限公司© 版权所有